[Event "Play your favorite openings II"]
[Site "SchemingMind.com"]
[Date "2020.05.08"]
[Round "-"]
[White "edg"]
[Black "kenneth m day"]
[Result "1-0"]
[WhiteCountry "USA"]
[BlackCountry "USA"]
[WhiteElo "1727"]
[WhiteRD "62"]
[BlackElo "1758"]
[BlackRD "52"]
[GameID "454749"]

1. b3 e5 2. Bb2 d6 3. e4 Nf6 4. Nc3 Nc6 5. d3 g6 6. Qd2 Bg7 7. O-O-O O-O 8. h3 Be6 9. g4 Nd4 10. Nce2 a5
11. Nxd4 exd4 12. Bxd4 c5 13. Bc3 b5 14. Qe1 b4 15. Bxf6 Bxf6 16. Ne2 a4 17. Kd2 axb3 18. axb3 Bc3+ 19. Nxc3 bxc3+ 20. Ke3 Qa5
21. Bg2 Qb4 22. Ra1 Qd4+ 23. Ke2 Rae8 24. Ra4 Qe5 25. Ke3 f5 26. f4 Qf6 27. g5 Qf7 28. Qxc3 fxe4 29. Rf1 exd3 30. Kxd3 Bf5+
31. Kd2 Qe6 32. Qf3 Qf6 33. gxf6
1-0

[Event "Play your favorite openings II"]
[Site "SchemingMind.com"]
[Date "2020.05.08"]
[Round "-"]
[White "kenneth m day"]
[Black "edg"]
[Result "1/2-1/2"]
[WhiteCountry "USA"]
[BlackCountry "USA"]
[WhiteElo "1771"]
[WhiteRD "48"]
[BlackElo "1751"]
[BlackRD "59"]
[GameID "454750"]

1. e4 e6 2. d4 d5 3. Nd2 c5 4. Ngf3 Nc6 5. exd5 Qxd5 6. Bc4 Qd8 7. Nb3 Nf6 8. O-O Be7 9. Nxc5 a6 10. Nb3 Nd5
11. Re1 O-O 12. c3 Nf6 13. Bf4 Nd5 14. Bg3 Bd6 15. Bh4 Be7 16. Bxe7 Ncxe7 17. Qe2 b5 18. Bd3 Rb8 19. Qe4 Ng6 20. Ne5 Qc7
21. Nxg6 fxg6 22. Nc5 Rb6 23. Qh4 Qf4 24. Re4 Qxh4 25. Rxh4 Nf4 26. Be4 h6 27. Rg4 e5 28. Rg3 Ne2+ 29. Kf1 Nxg3+ 30. hxg3 exd4
31. cxd4 Rd6 32. Rd1 Bf5 33. Bb7 a5 34. Bf3 a4 35. Nb7 Rb6 36. g4 Bc8 37. Nc5 Rd8 38. d5 Rbd6 39. Ne4 Rb6 40. Rd4 Bb7
41. Nc5 Ba8 42. Nd3 g5 43. Ke2 Kf7 44. Ne5+ Kf6 45. Nd3 Bb7 46. Be4 Rbd6 47. Nb4 Ke5 48. Ke3 Bxd5 49. Nxd5 Rxd5 50. Bxd5=
1/2-1/2

[Event "Play your favorite openings II"]
[Site "SchemingMind.com"]
[Date "2020.05.17"]
[Round "-"]
[White "Kenny Elliott"]
[Black "edg"]
[Result "0-1"]
[WhiteCountry "USA"]
[BlackCountry "USA"]
[WhiteElo "1635"]
[WhiteRD "63"]
[BlackElo "1727"]
[BlackRD "62"]
[GameID "455315"]

1. d4 d5 2. c4 Bf5 3. Nc3 e6 4. Nf3 Nf6 5. Qb3 b6 6. cxd5 Nxd5 7. Nxd5 exd5 8. Qe3+ Qe7 9. Qf4 Bg6 10. Ne5 Qb4+
11. Kd1 Bd6 12. a3 Qa4+ 13. Ke1 O-O 14. Be3 f6 15. Qf3 Be4 16. Qg4 fxe5 17. Qe6+ Kh8 18. dxe5 Bb4+ 19. Bd2 Bxd2+ 20. Kxd2 Qc2+
21. Ke1 Qxb2 22. Qe7 Qxa1+ 23. Kd2 Qb2+ 24. Ke1 Qc1#
0-1

[Event "Play your favorite openings II"]
[Site "SchemingMind.com"]
[Date "2020.05.18"]
[Round "-"]
[White "edg"]
[Black "Kenny Elliott"]
[Result "1-0"]
[WhiteCountry "USA"]
[BlackCountry "USA"]
[WhiteElo "1751"]
[WhiteRD "59"]
[BlackElo "1631"]
[BlackRD "62"]
[GameID "455316"]

1. b3 e5 2. Bb2 Nc6 3. e3 d5 4. Bb5 Bd7 5. Bxc6 Bxc6 6. Bxe5 Qg5 7. Bg3 d4 8. Nf3 Qe7 9. O-O O-O-O 10. Nxd4 Bd5
11. Nb5 Rd7 12. Nxa7+ Kb8 13. Nb5 Qc5 14. N5c3 Qc6 15. Nxd5 Qxd5 16. Qe2 Bd6 17. Qg4 Bxg3 18. Qxg3 f6 19. d4 g5 20. c4 Qf7
21. Nc3 h5 22. Qf3 g4 23. Qf5 Nh6 24. Qf4 f5 25. a4 h4 26. d5 h3 27. g3 Qf6 28. Qd4 Qxd4 29. exd4 Nf7 30. f4 Re8
31. Rfe1 Rde7 32. Kf2 Nd6 33. Rxe7 Rxe7 34. Re1 Ne4+ 35. Nxe4 fxe4 36. Ke3 b6 37. c5 Ka7 38. Rc1 Ka6 39. cxb6 Kxb6 40. b4 Re8
41. Rc5 Re6 42. a5+ Kb7 43. b5 Re7 44. Rc6 Kc8 45. d6
1-0

[Event "Play your favorite openings II"]
[Site "SchemingMind.com"]
[Date "2020.05.17"]
[Round "-"]
[White "kenneth m day"]
[Black "Kenny Elliott"]
[Result "1-0"]
[WhiteCountry "USA"]
[BlackCountry "USA"]
[WhiteElo "1771"]
[WhiteRD "48"]
[BlackElo "1631"]
[BlackRD "62"]
[GameID "455318"]

1. e4 c5 2. d4 cxd4 3. c3 dxc3 4. Nxc3 e5 5. Nf3 Nc6 6. Bc4 h6 7. O-O Bc5 8. Qe2 Nf6 9. Rd1 d6 10. a3 Bg4
11. h3 Bxf3 12. Qxf3 Qb6 13. Na4 Qa5 14. Nxc5 Qxc5 15. b3 Nd4 16. Qe3 O-O 17. Bb2 Rad8 18. Bxd4 exd4 19. Qxd4 Qxd4 20. Rxd4 a6
21. Rad1 b5 22. Be2 Rd7 23. Rxd6 Rxd6 24. Rxd6 Nxe4 25. Rxa6 Nc5 26. Rc6 Nxb3 27. Bxb5 Ra8 28. a4 Nd4 29. Ra6 Rxa6 30. Bxa6 Kf8
31. Kf1 Ke8 32. Ke1 Kd8 33. Kd2 Kc7 34. Kc3 Kb6 35. Kxd4 Kxa6 36. Kd5 Ka5 37. Kd6 Kxa4 38. Ke7 Kb3 39. Kxf7 Kc3 40. Kxg7 Kd3
41. f4 Ke4 42. g3 Kf5 43. Kxh6
1-0

[Event "Play your favorite openings II"]
[Site "SchemingMind.com"]
[Date "2020.06.09"]
[Round "-"]
[White "Kenny Elliott"]
[Black "Holty"]
[Result "1/2-1/2"]
[WhiteCountry "USA"]
[BlackCountry "ENG"]
[WhiteElo "1557"]
[WhiteRD "62"]
[BlackElo "1707"]
[BlackRD "60"]
[GameID "456190"]

1. d4 e6 2. e4 d5 3. exd5 exd5 4. Nf3 Bd6 5. Nc3 c6 6. Bd3 Ne7 7. O-O O-O 8. Be3 Bf5 9. a4 Bxd3 10. Qxd3 Nd7
11. Ng5 Ng6 12. Nf3 Bf4 13. Rae1 Qc7 14. g3 Bd6 15. Re2 Rae8 16. Rfe1 Nf6 17. Nd2 Re6 18. Bg5 Qe7 19. Rxe6 fxe6 20. Nf3 Qe8
21. Ne5 Be7 22. Nxg6 Qxg6 23. Qxg6 hxg6 24. Rxe6 Kf7 25. Re2 Re8 26. Bxf6 gxf6 27. Nd1 a5 28. b3 Bd6 29. Rxe8 Kxe8 30. Ne3 Kf7
31. Kg2 Bb4 32. c4 Bd2 33. Kf3 Bxe3 34. fxe3 g5 35. g4 b6 36. e4 Ke6 37. Ke3 Kd6 38. Kd3 Ke6 39. Ke3 Kd6 40. Kd3 Ke6=
41. Ke3 Kd6
1/2-1/2

[Event "Play your favorite openings II"]
[Site "SchemingMind.com"]
[Date "2020.06.08"]
[Round "-"]
[White "Holty"]
[Black "Kenny Elliott"]
[Result "1-0"]
[WhiteCountry "ENG"]
[BlackCountry "USA"]
[WhiteElo "1766"]
[WhiteRD "62"]
[BlackElo "1631"]
[BlackRD "62"]
[GameID "456191"]

1. d4 d5 2. Nf3 Nf6 3. e3 Bg4 4. c4 e6 5. Qb3 Nbd7 6. Nbd2 Bxf3 7. Nxf3 Rb8 8. cxd5 Nxd5 9. Bd2 Bd6 10. Bd3 O-O
11. O-O N7f6 12. Rac1 a6 13. Rfe1 b5 14. e4 Nxe4 15. Bxe4 Nf4 16. Bxf4 Bxf4 17. Rc2 Bd6 18. Bc6 Qf6 19. Ne5 Bxe5 20. dxe5 Qg5
21. Bf3 Rbc8 22. Bb7 Rcd8 23. Bxa6 Rd5 24. Bxb5 Rfd8 25. Qe3 Qf5 26. Qe4 Rd1 27. Re2 Rxe1+ 28. Rxe1 Qxe4 29. Rxe4 Rd1+ 30. Bf1 Rc1
31. g3 Rc2 32. Rb4 h6 33. Rb8+ Kh7 34. Bd3+
1-0

[Event "Play your favorite openings II"]
[Site "SchemingMind.com"]
[Date "2020.06.08"]
[Round "-"]
[White "edg"]
[Black "Holty"]
[Result "1/2-1/2"]
[WhiteCountry "USA"]
[BlackCountry "ENG"]
[WhiteElo "1751"]
[WhiteRD "59"]
[BlackElo "1766"]
[BlackRD "62"]
[GameID "456192"]

1. b3 e5 2. Bb2 Nc6 3. e3 Nf6 4. Bb5 Bd6 5. Nf3 e4 6. Bxc6 dxc6 7. Nd4 O-O 8. d3 exd3 9. Qxd3 Re8 10. O-O a6
11. Nd2 Qd7 12. e4 Be5 13. Rab1 b5 14. N4f3 Bxb2 15. Rxb2 h6 16. Qxd7 Bxd7 17. h3 Nxe4 18. Nxe4 Rxe4 19. Re1 Rxe1+ 20. Nxe1 Re8
21. Nd3 a5 22. a3 Re6 23. g4 g5 24. Kg2 Kg7 25. Nc5 Re7 26. Nb7 a4 27. bxa4 bxa4 28. Nc5 Be6 29. Nxa4 Bd5+ 30. Kg3 Kg6
31. Nc3 f5 32. gxf5+ Kxf5 33. Nd1 Rd7 34. Ne3+ Kg6 35. c4 Be6 36. a4 Rd3 37. Rb7 Bxc4 38. Rxc7 Bd5 39. Kh2 Kh5 40. Nxd5 cxd5
41. Rc1 Ra3 42. Rd1 Rxa4 43. Rxd5 Kh4 44. Rd6 Kh5=
1/2-1/2

[Event "Play your favorite openings II"]
[Site "SchemingMind.com"]
[Date "2020.06.07"]
[Round "-"]
[White "Holty"]
[Black "edg"]
[Result "1-0"]
[WhiteCountry "ENG"]
[BlackCountry "USA"]
[WhiteElo "1766"]
[WhiteRD "62"]
[BlackElo "1751"]
[BlackRD "59"]
[GameID "456193"]

1. d4 Nf6 2. Nf3 d5 3. e3 Bf5 4. c4 e6 5. Nc3 Bb4 6. Qb3 Bxc3+ 7. bxc3 b6 8. Ba3 Ne4 9. Be2 Bg4 10. Qc2 Nd6
11. Ne5 Bxe2 12. Qxe2 f6 13. Bxd6 cxd6 14. Nf3 O-O 15. cxd5 exd5 16. O-O f5 17. g3 Re8 18. Qd3 Qd7 19. a4 g6 20. Kg2 Qc6
21. Rfc1 Rc8 22. Qb5 h6 23. Ra2 a5 24. Kg1 Qxb5 25. axb5 Nd7 26. Nd2 Nf6 27. f3 g5 28. Kf2 Kf7 29. Rac2 Ke7 30. c4 dxc4
31. Nxc4 Rab8 32. Na3 Rxc2+ 33. Rxc2 Kd7 34. Rc6 Nd5 35. Nc4 Nc7 36. Nxb6+ Rxb6 37. Rxb6 a4 38. Rb7 Kc8 39. Ra7 Nxb5 40. Rxa4 Kd7
41. Ra8 Nc3 42. Rh8 Nd1+ 43. Ke2 Nc3+ 44. Kd3
1-0

[Event "Play your favorite openings II"]
[Site "SchemingMind.com"]
[Date "2020.06.07"]
[Round "-"]
[White "kenneth m day"]
[Black "Holty"]
[Result "0-1"]
[WhiteCountry "USA"]
[BlackCountry "ENG"]
[WhiteElo "1771"]
[WhiteRD "48"]
[BlackElo "1766"]
[BlackRD "62"]
[GameID "456194"]

1. e4 e6 2. d4 d5 3. Nc3 Nf6 4. e5 Nfd7 5. Nf3 c5 6. dxc5 Nc6 7. Bf4 Nxc5 8. Bb5 a6 9. Be2 d4 10. Nb1 Be7
11. O-O O-O 12. Nbd2 b5 13. Nb3 Nxb3 14. axb3 Qb6 15. Qd3 Rd8 16. Rfd1 Bb7 17. Qd2 Bb4 18. Qc1 Rac8 19. c3 Na5 20. Bg5 Nxb3
21. Qb1 Nxa1 22. Bxd8 Rxd8 23. Qxa1 dxc3 24. bxc3 Bc5 25. h3 Bxf2+ 26. Kf1 Bg3 27. Rxd8+ Qxd8 28. Qc1 h6 29. Qe3 h5 30. Nd4 h4
31. Qd3 Bxe5 32. Qe3 Bg3 33. Nf3 a5 34. Qc5 Ba6 35. Nd4 Qd5 36. Qb6 Bb7 37. Bf3 Qc4+ 38. Ne2 Bxf3 39. gxf3 Qd3 40. Qd4 Qxf3+
41. Kg1 Qxe2 42. Qd8+ Kh7 43. Qd4 Bf2+ 44. Qxf2 Qxf2+ 45. Kxf2 a4
0-1

[Event "Play your favorite openings II"]
[Site "SchemingMind.com"]
[Date "2020.06.07"]
[Round "-"]
[White "Holty"]
[Black "kenneth m day"]
[Result "1/2-1/2"]
[WhiteCountry "ENG"]
[BlackCountry "USA"]
[WhiteElo "1766"]
[WhiteRD "62"]
[BlackElo "1771"]
[BlackRD "48"]
[GameID "456195"]

1. d4 Nf6 2. c4 e5 3. dxe5 Ng4 4. Bf4 Nc6 5. Nf3 Bb4+ 6. Nbd2 Qe7 7. e3 Ngxe5 8. Nxe5 Nxe5 9. Be2 O-O 10. O-O Ng6
11. Bxc7 d6 12. Bb6 axb6 13. a3 Bxd2 14. Qxd2 Bd7 15. Qb4 Bc6 16. Rfd1 Rfd8 17. Qe1 Qg5 18. Qf1 h5 19. f4 Qe7 20. Qf2 Qf6
21. Bxh5 Nh4 22. Bf3 Nxf3+ 23. gxf3 Ra5 24. Kf1 Rh5 25. Qg3 Qxb2 26. Kg1 Rh6 27. f5 Qe2 28. Qf2 Qxc4 29. e4 Qc5 30. Qxc5 bxc5
31. a4 Kf8 32. a5 Ke7 33. Rdb1 Kf6 34. a6 bxa6 35. Rxa6 Ba8 36. Re1 Ke5 37. Ra7 Kf6 38. Rea1 Bxe4 39. fxe4 Re8 40. Rd7 Rxe4
41. Rxd6+ Kxf5 42. Rxh6 gxh6 43. Rc1 Re5 44. Rf1+ Ke6 45. Rf3 f6 46. Rh3 h5 47. Rb3 c4 48. Rb6+ Kf5 49. Rc6 Re4 50. Kf2 Kg5
51. Kf3 Rf4+ 52. Ke3 f5 53. Rc8 Re4+ 54. Kf3 Rh4 55. Kg3 f4+ 56. Kg2 f3+ 57. Kxf3 c3 58. Rc5+ Kg6 59. Kg3 Rg4+ 60. Kh3 Rf4
61. Rxc3 Rf5=
1/2-1/2

[Event "Play your favorite openings II"]
[Site "SchemingMind.com"]
[Date "2020.06.12"]
[Round "-"]
[White "Kenny Elliott"]
[Black "David Perna-Fraser"]
[Result "0-1"]
[WhiteCountry "USA"]
[BlackCountry "CAN"]
[WhiteElo "1545"]
[WhiteRD "61"]
[BlackElo "1921"]
[BlackRD "70"]
[GameID "456202"]

1. d4 Nf6 2. c4 e6 3. Nf3 b6 4. Bg5 Bb7 5. e3 Be7 6. Be2 O-O 7. O-O d6 8. Nc3 h6 9. Bxf6 Bxf6 10. e4 e5
11. d5 Na6 12. a3 Be7 13. b4 c5 14. b5 Nc7 15. a4 a5 16. bxa6 Nxa6 17. Nb5 Nb4 18. h3 f5 19. Qb1 f4 20. Qb2 Bf6
21. Qb3 g5 22. g3 g4 23. hxg4 fxg3 24. fxg3 Qd7 25. Nh4 Bg5 26. Nf5 Rf6 27. Kg2 Re8 28. Rh1 Kh7 29. Rh5 Rg8 30. Rah1 Ba6
31. Nbxd6 Rxd6 32. Nxd6 Qxd6 33. Qd1 Qg6 34. d6 Qxe4+ 35. Bf3 Qxc4 36. Bd5 Qxd5+ 37. Qxd5 Nxd5 38. Rd1 Ne3+
0-1

[Event "Play your favorite openings II"]
[Site "SchemingMind.com"]
[Date "2020.06.12"]
[Round "-"]
[White "David Perna-Fraser"]
[Black "Kenny Elliott"]
[Result "1-0"]
[WhiteCountry "CAN"]
[BlackCountry "USA"]
[WhiteElo "1921"]
[WhiteRD "70"]
[BlackElo "1545"]
[BlackRD "61"]
[GameID "456203"]

1. e4 c5 2. Nf3 d6 3. d4 cxd4 4. Nxd4 e5 5. Nf3 Bg4 6. Bb5+ Nc6 7. Qd5 Ne7 8. Bxc6+ bxc6 9. Qd3 Bxf3 10. Qxf3 Qb8
11. O-O Ng6 12. Nc3 Be7 13. a3 O-O 14. g3 Qb7 15. Rb1 Qd7 16. b4 Qh3 17. Qg2 Qg4 18. Be3 Qc8 19. Rfd1 a5 20. bxa5 Rxa5
21. a4 Ra6 22. h4 h5 23. Qf3 Bxh4 24. gxh4 Nxh4 25. Qg3 Ng6 26. Rxd6 Rd8 27. Rxd8+ Qxd8 28. Bg5 f6 29. Bh6 Kh7 30. Be3 Ra8
31. Rd1 Qe7 32. Qh3 Nf4 33. Bxf4 exf4 34. Qxh5+ Kg8 35. Qf5 Qb4 36. Qe6+ Kh8 37. Kg2 Qxc3 38. Rh1+
1-0

[Event "Play your favorite openings II"]
[Site "SchemingMind.com"]
[Date "2020.06.08"]
[Round "-"]
[White "edg"]
[Black "David Perna-Fraser"]
[Result "1-0"]
[WhiteCountry "USA"]
[BlackCountry "CAN"]
[WhiteElo "1725"]
[WhiteRD "70"]
[BlackElo "1854"]
[BlackRD "71"]
[GameID "456204"]

1. b3 Nf6 2. Bb2 d5 3. d4 g6 4. Nf3 Bg7 5. Nc3 O-O 6. e3 Bg4 7. Be2 Nc6 8. h3 Bxf3 9. Bxf3 e6 10. Ba3 Re8
11. Qd2 a6 12. Na4 b6 13. Qe2 Ne4 14. Bxe4 dxe4 15. g4 b5 16. Nc5 Bf8 17. Nb7 Qc8 18. Bxf8 Rxf8 19. Nc5 f5 20. gxf5 exf5
21. a3 Rd8 22. b4 Kh8 23. c4 Rd6 24. cxb5 axb5 25. Qxb5 Qg8 26. Qe2 Nxb4 27. O-O Nd5 28. Rfc1 Rb8 29. a4 Qf7 30. a5 Qe7
31. a6 Qg5+ 32. Kh2 Ra8 33. Ra3 f4 34. Nxe4 Qe7 35. Nxd6 Qxd6 36. Qd3 fxe3+ 37. Kg1 Nf4 38. Qxe3 Ne2+ 39. Qxe2 Qxa3 40. Qe5+ Kg8
41. Rxc7 Qf8 42. Qd5+ Kh8 43. Qd7 Qg8 44. Qb5 Qf8 45. Qd7 Qg8 46. a7 Rd8 47. Qb5 Re8 48. Rb7 Re1+ 49. Kh2
1-0

[Event "Play your favorite openings II"]
[Site "SchemingMind.com"]
[Date "2020.06.07"]
[Round "-"]
[White "David Perna-Fraser"]
[Black "edg"]
[Result "0-1"]
[WhiteCountry "CAN"]
[BlackCountry "USA"]
[WhiteElo "1854"]
[WhiteRD "71"]
[BlackElo "1725"]
[BlackRD "70"]
[GameID "456205"]

1. e4 e6 2. d4 d5 3. exd5 exd5 4. Nf3 Nf6 5. Bd3 h6 6. O-O Be7 7. Re1 O-O 8. h3 Bd6 9. Nc3 Be6 10. Nb5 Be7
11. Ne5 c6 12. Nc3 Nfd7 13. Qh5 Bg5 14. Ng6 fxg6 15. Qxg6 Rf6 16. Qh7+ Kf7 17. Bxg5 hxg5 18. Qh5+ Ke7 19. Qxg5 Qf8 20. Bf5 Kf7
21. Qh5+ Ke7 22. Qg4 Rxf5 23. Re3 Qf7 24. Rae1 Nf8 25. Qg3 Kd7 26. Na4 Na6 27. b4 b5 28. Nc5+ Nxc5 29. bxc5 Qe7 30. Qg4 Rf6
31. f4 Qf7 32. Qg3 Rf5 33. Ra3 a5 34. Rae3 Rc8 35. Ra3 a4 36. Rae3 Re8 37. a3 Kc8 38. Qh2 Rxf4 39. c3 Qc7 40. Qg3 Rf7
41. Qh4 Qf4 42. Qh8 Qh6 43. Qxh6 gxh6 44. g4 Kd7 45. Kg2 Ree7 46. Rg3 Ng6 47. Re2 Nf4+ 48. Kf3 Nxe2+ 49. Kxe2 Bxg4+ 50. Kd2 Rf2+
51. Kd3 Bf5#
0-1

[Event "Play your favorite openings II"]
[Site "SchemingMind.com"]
[Date "2020.06.08"]
[Round "-"]
[White "kenneth m day"]
[Black "David Perna-Fraser"]
[Result "1-0"]
[WhiteCountry "USA"]
[BlackCountry "CAN"]
[WhiteElo "1771"]
[WhiteRD "48"]
[BlackElo "1919"]
[BlackRD "62"]
[GameID "456206"]

1. e4 e5 2. Nf3 Nf6 3. d4 Nxe4 4. Bd3 d5 5. Nxe5 Nd7 6. Nxd7 Bxd7 7. O-O Be7 8. Re1 f5 9. f3 Nf6 10. Nc3 O-O
11. Bf4 Bb4 12. Bd2 Bxc3 13. Bxc3 Re8 14. Qd2 b5 15. Qg5 g6 16. Rxe8+ Qxe8 17. Qxf6 Rb8 18. a3 Rb6 19. Qe5 Qf7 20. Qxc7 Rc6
21. Qxa7
1-0

[Event "Play your favorite openings II"]
[Site "SchemingMind.com"]
[Date "2020.06.08"]
[Round "-"]
[White "David Perna-Fraser"]
[Black "kenneth m day"]
[Result "1/2-1/2"]
[WhiteCountry "CAN"]
[BlackCountry "USA"]
[WhiteElo "1806"]
[WhiteRD "71"]
[BlackElo "1638"]
[BlackRD "57"]
[GameID "456207"]

1. e4 e5 2. Nf3 Nc6 3. Bb5 a6 4. Ba4 Nf6 5. O-O Nxe4 6. Re1 Nc5 7. Bxc6 dxc6 8. Nxe5 Be7 9. d4 Ne6 10. c3 O-O
11. Be3 f6 12. Nf3 Bd6 13. Nbd2 b6 14. Ne4 Be7 15. Ng3 Bb7 16. Nf5 Qd7 17. Nxe7+ Qxe7 18. Qb3 Rae8 19. Bd2 Qf7 20. Rad1 Kh8
21. Qc2 g6 22. Bh6 Rg8 23. Be3 Rd8 24. Qb3 Rge8 25. Nd2 Kg7 26. Nf3 Rd5 27. h3 Rb5 28. Qc2 Rd5 29. c4 Rdd8 30. Qc1 g5
31. Nxg5 Nxg5 32. Bxg5 fxg5 33. Qxg5+ Qg6 34. Re7+ Kf8 35. Qxg6 hxg6 36. Rxc7 Re7 37. Rxe7 Kxe7 38. f3 Kf6 39. Kf2 Kf5 40. g3 g5
41. b3 Rh8 42. Kg2 Rd8 43. Kf2 Rh8=
1/2-1/2

[Event "Play your favorite openings II"]
[Site "SchemingMind.com"]
[Date "2020.06.08"]
[Round "-"]
[White "Holty"]
[Black "David Perna-Fraser"]
[Result "0-1"]
[WhiteCountry "ENG"]
[BlackCountry "CAN"]
[WhiteElo "1823"]
[WhiteRD "59"]
[BlackElo "1921"]
[BlackRD "70"]
[GameID "456208"]

1. d4 Nf6 2. Nf3 e6 3. Bf4 d5 4. e3 c5 5. c3 Nc6 6. Nbd2 Be7 7. Bd3 c4 8. Bc2 O-O 9. h3 h6 10. O-O Bd6
11. Ne5 Bxe5 12. dxe5 Nd7 13. Nf3 Qb6 14. Rb1 Re8 15. Nd4 Ncxe5 16. Bxe5 Nxe5 17. f4 Nc6 18. Kh1 Nxd4 19. Qxd4 Qxd4 20. exd4 b5
21. g4 a5 22. Rg1 Bd7 23. h4 b4 24. a3 b3 25. Bd1 a4 26. Be2 f6 27. Bf3 Ra5 28. Rbe1 Kf7 29. Rgf1 g6 30. Kg2 Kg7
31. Kg3 g5 32. Bg2 gxf4+ 33. Rxf4 e5 34. dxe5 fxe5 35. Rf2 d4 36. cxd4 exd4 37. Rxe8 Bxe8 38. Rf4 c3 39. bxc3 dxc3 40. Be4 c2
41. Rf1 Rc5 42. Bxc2 bxc2 43. Rc1 Bg6 44. Kf3 Rc3+ 45. Ke2 Rxa3 46. h5 Be4 47. Kd2 Rg3
0-1

[Event "Play your favorite openings II"]
[Site "SchemingMind.com"]
[Date "2020.06.09"]
[Round "-"]
[White "David Perna-Fraser"]
[Black "Holty"]
[Result "1/2-1/2"]
[WhiteCountry "CAN"]
[BlackCountry "ENG"]
[WhiteElo "1921"]
[WhiteRD "70"]
[BlackElo "1823"]
[BlackRD "59"]
[GameID "456209"]

1. e4 e6 2. d4 d5 3. exd5 exd5 4. Nf3 Bd6 5. Bd3 Ne7 6. O-O O-O 7. Re1 Bf5 8. Bxf5 Nxf5 9. Qd3 Ne7 10. Ng5 Ng6
11. Qh3 h6 12. Nf3 Nf4 13. Bxf4 Bxf4 14. Nc3 c6 15. Rad1 Nd7 16. Ne2 Bd6 17. Ng3 Bxg3 18. Qxg3 Nf6 19. Nh4 Ne4 20. Qg4 Qf6
21. Nf5 Rae8 22. Re3 g5 23. h4 Qg6 24. h5 Qf6 25. f4 Kh7 26. fxg5 Qxg5 27. Qxg5 hxg5 28. g4 b6=
1/2-1/2

[Event "Play your favorite openings II"]
[Site "SchemingMind.com"]
[Date "2020.06.09"]
[Round "-"]
[White "Kenny Elliott"]
[Black "Phillip Beckett"]
[Result "1-0"]
[WhiteCountry "USA"]
[BlackCountry "ENG"]
[WhiteElo "1631"]
[WhiteRD "62"]
[BlackElo "1521"]
[BlackRD "49"]
[GameID "456273"]

1. d4 d5 2. c4 e6 3. Nf3 Nf6 4. g3 Be7 5. cxd5 Nxd5 6. Bg2 O-O 7. O-O c5 8. e4 Nf6 9. Nc3 cxd4 10. Nxd4 Nbd7
11. e5 Nd5 12. Nxd5 exd5 13. Bxd5 Nb6 14. Bg2 Bd7 15. Bxb7 Rb8 16. Nc6 Bxc6 17. Bxc6 Qxd1 18. Rxd1 Rfc8 19. Bg2 Nc4 20. b3 Nxe5
21. Bf4 f6 22. Bd5+ Kf8 23. Be6 Rd8 24. Re1 Rb6 25. Bc4 Bb4 26. Bxe5 fxe5 27. Re4 Bc3 28. Rc1 Bd4 29. Kg2 a5 30. a4 Rbd6
31. Rce1 Ke7 32. f4 Kf6 33. fxe5+ Bxe5 34. Rf1+ Kg6 35. Bf7+ Kh6 36. Rxe5 Rf6 37. Rxf6+ gxf6 38. Rxa5
1-0

[Event "Play your favorite openings II"]
[Site "SchemingMind.com"]
[Date "2020.06.09"]
[Round "-"]
[White "Phillip Beckett"]
[Black "Kenny Elliott"]
[Result "1-0"]
[WhiteCountry "ENG"]
[BlackCountry "USA"]
[WhiteElo "1539"]
[WhiteRD "49"]
[BlackElo "1557"]
[BlackRD "62"]
[GameID "456274"]

1. e4 c5 2. Nf3 d6 3. d4 Bg4 4. dxc5 Bxf3 5. Qxf3 Qa5+ 6. Qc3 Qxc5 7. Qxc5 dxc5 8. Bb5+ Nc6 9. Nc3 e6 10. Be3 Nf6
11. O-O-O Ng4 12. Bxc6+ bxc6 13. h3 Nxe3 14. fxe3 Be7 15. Na4 O-O 16. Rhf1 Bg5 17. Rd3 c4 18. Rc3 Rfd8 19. Rxc4 Bxe3+ 20. Kb1 Rd6
21. a3 Rad8 22. Nc5 Rd1+ 23. Rxd1 Rxd1+ 24. Ka2 Bxc5 25. Rxc5 h6 26. Rxc6 Rg1 27. g4 Rh1 28. Rc3 Re1 29. Rc8+ Kh7 30. Rc7 Kg6
31. Rxa7 Rxe4 32. Rc7 e5 33. c4 Rf4 34. c5 e4 35. Re7 e3 36. Rxe3 Rc4 37. Rc3 Rxc3 38. bxc3 Kf6 39. Kb3 Ke6 40. Kc4 Kd7
41. Kd5 Kc7 42. a4 h5 43. c6 hxg4 44. hxg4 g5 45. Ke5 Kxc6 46. Kf6 Kc5 47. Kxf7 Kb6 48. c4 Ka5 49. c5
1-0

[Event "Play your favorite openings II"]
[Site "SchemingMind.com"]
[Date "2020.06.09"]
[Round "-"]
[White "edg"]
[Black "Phillip Beckett"]
[Result "1-0"]
[WhiteCountry "USA"]
[BlackCountry "ENG"]
[WhiteElo "1751"]
[WhiteRD "59"]
[BlackElo "1521"]
[BlackRD "49"]
[GameID "456275"]

1. b3 b6 2. Bb2 Bb7 3. d4 e6 4. Nf3 f5 5. Nc3 Nf6 6. e3 Be7 7. Qd2 O-O 8. O-O-O d6 9. h3 Nbd7 10. Rg1 Ne4
11. Qe1 d5 12. Nd2 Ndf6 13. f3 Nxc3 14. Bxc3 a5 15. Nb1 a4 16. Bb4 axb3 17. axb3 Bxb4 18. Qxb4 Ra7 19. Kd2 Qa8 20. Bd3 Ba6
21. Bxa6 Rxa6 22. Qe7 Qc8 23. Qb4 Qa8 24. Nc3 Rc8 25. Qe7 Re8 26. Qxc7 Rc8 27. Qd6 Rc6 28. Qb4 Nd7 29. Rc1 b5 30. Ne2 Qb7
31. Ra1 Qc7 32. c3 Nf6 33. Rxa6 Rxa6 34. Qxb5 Rb6 35. Qa4 Qb7 36. b4 Ra6 37. Qc2 Qa7 38. Rb1 Ra2 39. Rb2 Rxb2 40. Qxb2 Qb7
41. Nf4 Qd7 42. Nd3 Qb5 43. Qa1 Kf7 44. Ne5+ Ke7 45. Ke1 Qb7 46. Qa5 g5 47. Qc5+ Ke8 48. Qc6+ Qxc6 49. Nxc6 Kd7 50. Ne5+ Kd6
51. Nf7+ Kc6 52. Nxg5 Kd6 53. Nf7+ Kc7 54. Ne5
1-0

[Event "Play your favorite openings II"]
[Site "SchemingMind.com"]
[Date "2020.06.08"]
[Round "-"]
[White "Phillip Beckett"]
[Black "edg"]
[Result "0-1"]
[WhiteCountry "ENG"]
[BlackCountry "USA"]
[WhiteElo "1539"]
[WhiteRD "49"]
[BlackElo "1710"]
[BlackRD "63"]
[GameID "456276"]

1. e4 e6 2. d4 d5 3. Nd2 c5 4. exd5 exd5 5. Bb5+ Bd7 6. Qe2+ Qe7 7. Bxd7+ Nxd7 8. dxc5 Qxe2+ 9. Nxe2 Bxc5 10. Nb3 Bb6
11. c3 Ngf6 12. Ned4 O-O 13. O-O Rfe8 14. Bg5 a6 15. Rfe1 h6 16. Bxf6 Nxf6 17. Kf1 Re4 18. Rxe4 dxe4 19. Re1 Re8 20. Nf5 Re6
21. Nfd4 Re8 22. f3 exf3 23. Rxe8+ Nxe8 24. Nxf3 Bc7 25. Nbd4 b5 26. Ke2 Nd6 27. Ne5 a5 28. Ndc6 a4 29. Nd4 Ne4 30. Nec6 Bxh2
31. Nxb5 Nc5 32. Ncd4 g6 33. b4 axb3 34. axb3 f5 35. Kf3 Be5 36. b4 Nd3 37. Nc6 Bf6 38. Ncd4 Kf7 39. Ke3 Ne5 40. Nd6+ Ke7
41. N6b5 Bg5+ 42. Ke2 h5 43. Nf3 Kf6 44. Nxe5 Kxe5 45. Nd4 Ke4 46. Nf3 Be7 47. Nd2+ Kf4 48. b5 Kg3 49. Kf1 g5 50. c4 g4
51. Nb3 Bd8 52. c5 h4 53. b6 h3 54. gxh3 gxh3 55. Kg1 f4 56. b7 Bc7 57. Nd4 h2+ 58. Kh1 f3 59. Nf5+ Kf2 60. Nd6 Ke2
61. Kxh2 f2
0-1

[Event "Play your favorite openings II"]
[Site "SchemingMind.com"]
[Date "2020.06.08"]
[Round "-"]
[White "Phillip Beckett"]
[Black "kenneth m day"]
[Result "1/2-1/2"]
[WhiteCountry "ENG"]
[BlackCountry "USA"]
[WhiteElo "1521"]
[WhiteRD "49"]
[BlackElo "1771"]
[BlackRD "48"]
[GameID "456277"]

1. e4 e5 2. Nf3 Nc6 3. Bb5 a6 4. Ba4 Nf6 5. O-O Nxe4 6. Re1 Nc5 7. Bxc6 dxc6 8. Nxe5 Be7 9. d4 Ne6 10. c3 O-O
11. Nd2 Qd5 12. Qb3 Rd8 13. Qxd5 cxd5 14. Ndf3 h6 15. Be3 Nf8 16. Rad1 Be6 17. h3 f6 18. Ng4 Bd6 19. Bc1 Bd7 20. Nh4 Re8
21. Kf1 Bb5+ 22. Kg1 Bd7 23. Ne3 c6 24. Nf3 Ng6 25. Nf1 b6 26. Ne3 Rad8 27. Nf1 Re7 28. Rxe7 Nxe7 29. Ne3 g6 30. Re1 Kg7
31. b3 Nf5 32. Nxf5+ Bxf5 33. Nh4 Bd7 34. Nf3 c5 35. dxc5 Bxc5 36. Nd4 Re8 37. Rxe8 Bxe8 38. b4 Bd6 39. Be3 Bd7 40. Ne2 b5
41. Bf4 Be5 42. Bxe5 fxe5 43. Kf1 Kf6 44. Ng3 Be6 45. Ke2 Kg5= 46. f3 Kf4 47. Nf1 e4 48. fxe4 dxe4 49. g3+ Ke5 50. h4 Bxa2
51. Ke3 Bc4 52. Nd2 Bd3 53. Nb3 Bc2 54. Nc5 Bb1 55. Nxa6 Bd3 56. Nc5 Bc2 57. Na6=
1/2-1/2